000 00672nam a2200181Ia 4500
008 090124s9999 xx 000 0 und d
082 _b9024
_a1804
100 _aगडकरी राम गणेश (गोविंदाग्रज)
245 _a वेड्यांचा बाजार
250 _a1
260 _c1956
300 _a95
600 _aगडकरी राम गणेश (गोविंदाग्रज)
630 _a वेड्यांचा बाजार
700 _aगडकरी राम गणेश (गोविंदाग्रज)
730 _a वेड्यांचा बाजार
942 _cBOOK
999 _c123071
_d123071